000 00428nam a2200181Ia 4500
001 7356
005 20260306160449.0
008 260306t2010||||xx |||||||||||||| ||spa||
041 _aESP
082 _a338.6
_bM26
100 _aMartin, Stephen
_eAUT
245 0 _aIndustrial organization in context
260 _c2010
300 _axx, 990 páginas :
_c24 cm.
650 _aGEN
654 _aCAN
942 _cLIB
_dJUS
_fJUS
_2ddc
_n
999 _c7356
_d7356